|
|
|
|
| LEADER |
00796pam a22002298a 4500 |
| 001 |
00000465 |
| 005 |
20171026081022.0 |
| 008 |
110321s1976 ||||||Viesd |
| 041 |
0 |
# |
|a Vie
|
| 082 |
1 |
4 |
|a 330.12
|b CH500NGH
|
| 100 |
0 |
# |
|a V.I.LÊ - NIN
|
| 245 |
0 |
0 |
|a Chủ nghĩa đế quốc giai đoạn tột cùng của chủ nghĩa tư bản
|c V.I.LÊ - NIN , Bùi Ngọc Chương ( dịch )
|
| 260 |
# |
# |
|a H.
|b Sự thật
|c 1976
|
| 300 |
# |
# |
|a 87 tr.
|c 19 cm.
|
| 650 |
# |
4 |
|a CN đế quốc
|
| 653 |
# |
# |
|a Lênin V.I
|a CNTB
|a CNĐQ
|
| 700 |
0 |
# |
|a Bùi Ngọc Chương
|e dịch
|
| 700 |
0 |
# |
|a V I Lênin
|
| 852 |
# |
# |
|b Kho đọc
|j KD.0000018
|
| 852 |
# |
# |
|j KD.0000018
|
| 910 |
|
|
|d 21/03/2011
|
| 980 |
# |
# |
|a Trung tâm Học liệu Lê Vũ Hùng, Trường Đại học Đồng Tháp
|